Biblioteca

forma y función de Jueces 2:1-5; 6:7-710 y 10:11-16: Una comparación literaria y estructural (Registro nro. 67469)

Detalles MARC
000 -LÍDER
Campo fijo de descripción fija 01577cas a2200205 i 4500
001 - NÚMERO DE CONTROL
Campo de control 768714001
003 - IDENTIFICADOR DEL NÚMERO DE CONTROL
Campo de control CO-MdFUSB
005 - FECHA Y HORA DE LA ULTIMA TRANSACCIÓN
control field 20220926124715.0
008 - ELEMENTOS DE LONGITUD FIJA -- INFORMACIÓN GENERAL
Campo fijo de descripción fija -- Información general 220312b GT ||||| |||| 00| 0 spa d
022 ## - NÚMERO INTERNACIONAL NORMALIZADO PARA PUBLICACIONES SERIADAS
Número Internacional Normalizado para Publicaciones Seriadas 1014-9341
040 ## - FUENTE DE CATALOGACIÓN
Agencia Catalogadora CO-MdFUSB
Idioma de catalogación spa
Agencia que realiza la transcripción CO-MdFUSB
Agencia que realiza la modificación CO-MdFUSB
041 ## - CÓDIGO DE IDIOMA
Código de idioma para texto/pista de sonido o título separado spa
100 ## - ASIENTO PRINCIPAL--NOMBRE PERSONAL
Nombre personal Sosa Siliezar, Carlos Raúl
Término relacionador Autor
245 ## - TÍTULO
Título forma y función de Jueces 2:1-5; 6:7-710 y 10:11-16: Una comparación literaria y estructural
520 ## - NOTA DE RESUMEN, ETC.
Nota de sumario, etc. Las similitudes estructurales y literarias entre Jueces 2:1-3; 6:8-10 y 10:11-14 obedecen a que pertenecen a un mismo género literario, el pleito pactal. Incluyen introducción, prólogo histórico, acusación de infidelidad y, en el caso de 2:1-3 y 10:11-14, anuncio de castigo, pero las diferencias entre los pasajes muestran que la forma no se usó como un corsé. Se puede clasificar 2:4-5 y 10:15-16 como liturgias penitenciales. Las tres perícopas comparten terminología, recursos literarios y sintaxis similares. En cuanto a su función literaria en la estructura de Jueces, tienen nexos con su contexto inmediato y mediato, y posiblemente sirvan como introducciones a los tres grupos de historias de los jueces libertadores. Además, revelan una progresión en el enojo de Yahvé contra Israel y en la sinceridad del arrepentimiento de Israel.<br/><br/>
650 #0 - ASIENTO SECUNDARIO DE MATERIA - TERMINO TEMÁTICO
9 (RLIN) 16
Término temático o nombre geográfico como elemento de entrada Biblia
653 ## - TÉRMINO DE INDIZACIÓN - NO CONTROLADO
Término no controlado Jueces 2:1-5; 6:7-10; 10:11-16; pleito pactal, prólogo histórico, pacto
773 ## - ASIENTO DE ITEM FUENTE
Biblionumber 49489
Itemnumber ggh
Título forma y función de Jueces 2:1-5; 6:7-710 y 10:11-16: Una comparación literaria y estructural
942 ## - TIPO DE MATERIAL (KOHA)
Tipo de Item KOHA Artículos de Revista
Existencias
Expurgo - (Retirado) Estado de Perdido Estado de Dañado No prestable Ubicación habitual Ubicación actual Fecha de Adquisición Tipo de Material
        Biblioteca FUSBC Biblioteca FUSBC 12/03/2022 Artículos de Revista

Biblioteca FUSBC | Teléfono: (57+4) 349 88 10 Ext. 141| WhatsApp (+57) 3005338115 
E-mail: biblioteca@unisbc.edu.co | Calle 76 87-14 Robledo Palenque, Medellín, Colombia

Con tecnología Koha